000 00291nam a22001337a 4500
008 170627b xxu||||| |||| 00| 0 eng d
020 _a9780321045959
041 _aeng
080 _a5
100 _a21
101 _aGJL
245 _aA COMMUNITY OF READERS
_cALEXANDER,R
942 _2udc
_cBK
999 _c19202
_d19202